Design of concrete structures (Record no. 3628)

000 -LEADER
fixed length control field 00663nam a2200229 a 4500
001 - CONTROL NUMBER
control field 3628
003 - CONTROL NUMBER IDENTIFIER
control field BD-DhUET
008 - FIXED-LENGTH DATA ELEMENTS--GENERAL INFORMATION
fixed length control field 850621s1985 enka b 101 0 eng
020 ## - INTERNATIONAL STANDARD BOOK NUMBER
International Standard Book Number 007Y665486
040 ## - CATALOGING SOURCE
Original cataloging agency DLC
Transcribing agency DLC
Modifying agency BD-DhUET
082 00 - DEWEY DECIMAL CLASSIFICATION NUMBER
Classification number 624.183
Item number NIL/1986
100 ## - MAIN ENTRY--PERSONAL NAME
Personal name Nilson, Arthur H.
245 00 - TITLE STATEMENT
Title Design of concrete structures
Statement of responsibility, etc. by Arthur H. Nilson and George Winter
250 ## - EDITION STATEMENT
Edition statement 10th ed.
260 ## - PUBLICATION, DISTRIBUTION, ETC. (IMPRINT)
Place of publication, distribution, etc. New York:
Name of publisher, distributor, etc. McGraw Hill Book Company,
Date of publication, distribution, etc. 1986.
300 ## - PHYSICAL DESCRIPTION
Extent xi, 380 p. :
Other physical details ill. ;
Dimensions 23 cm.
490 ## - SERIES STATEMENT
Series statement Civil engineering series
504 ## - BIBLIOGRAPHY, ETC. NOTE
Bibliography, etc Includes bibliographies
650 #0 - SUBJECT ADDED ENTRY--TOPICAL TERM
Topical term or geographic name as entry element Reinforced concrete
700 ## - ADDED ENTRY--PERSONAL NAME
Personal name Winter, George
942 ## - ADDED ENTRY ELEMENTS (KOHA)
Koha item type General Book
Holdings
Koha date last borrowed Withdrawn status Koha normalized classification for sorting Koha renewals Not for loan Piece designation (barcode) Date acquired Shelving location Sublocation or collection (holding branch) Lost status Location (home branch) Koha date last seen Koha issues (times borrowed) Copy number Source of classification or shelving scheme Koha out on loan Price effective from Koha full call number Koha item type Damaged status
2026-02-23 624_000000000000000_183NIL19861 778732014-11-02Circulation sectionCentral Library, BUET Central Library, BUET2026-02-2361 2027-02-232014-11-02624.183/NIL/1986General Book 
  624_183000000000000_NIL_1986  778161990-10-23Rental sectionCentral Library, BUET Central Library, BUET2024-12-04 ১০/ক-১  2024-12-04624.183 NIL/1986Rental Item 
  624_183000000000000_NIL_1986  778171990-10-23Rental sectionCentral Library, BUET Central Library, BUET2024-12-04 ১০/ক-২  2024-12-04624.183 NIL/1986Rental Item 
  624_183000000000000_NIL_1986  778181990-10-23Rental sectionCentral Library, BUET Central Library, BUET2024-12-04 ১০/ক-৩  2024-12-04624.183 NIL/1986Rental Item 
  624_183000000000000_NIL_1986  778191990-10-23Rental sectionCentral Library, BUET Central Library, BUET2024-12-04 ১০/ক-৪  2024-12-04624.183 NIL/1986Rental Item 
  624_183000000000000_NIL_1986  778201990-10-23Rental sectionCentral Library, BUET Central Library, BUET2024-12-04 ১০/ক-৫  2024-12-04624.183 NIL/1986Rental Item 
  624_183000000000000_NIL_1986  778211990-10-23Rental sectionCentral Library, BUET Central Library, BUET2024-12-04 ১০/ক-৬  2024-12-04624.183 NIL/1986Rental Item 
  624_183000000000000_NIL_1986  778221990-10-23Rental sectionCentral Library, BUET Central Library, BUET2024-12-04 ১০/ক-৭  2024-12-04624.183 NIL/1986Rental Item 
  624_183000000000000_NIL_1986  778231990-10-23Rental sectionCentral Library, BUET Central Library, BUET2024-12-04 ১০/ক-৮  2024-12-04624.183 NIL/1986Rental Item 
  624_183000000000000_NIL_1986  778241990-10-23Rental sectionCentral Library, BUET Central Library, BUET2024-12-04 ১০/ক-৯  2024-12-04624.183 NIL/1986Rental Item 
  624_183000000000000_NIL_1986  778251990-10-23Rental sectionCentral Library, BUET Central Library, BUET2024-12-04 ১০/ক-১০  2024-12-04624.183 NIL/1986Rental Item 
  624_183000000000000_NIL_1986  778261990-10-23Rental sectionCentral Library, BUET Central Library, BUET2024-12-04 ১০/ক-১১  2024-12-04624.183 NIL/1986Rental Item 
  624_183000000000000_NIL_1986  778271990-10-23Rental sectionCentral Library, BUET Central Library, BUET2024-12-04 ১০/ক-১২  2024-12-04624.183 NIL/1986Rental Item 
  624_183000000000000_NIL_1986  778281990-10-23Rental sectionCentral Library, BUET Central Library, BUET2024-12-04 ১০/ক-১৩  2024-12-04624.183 NIL/1986Rental Item 
  624_183000000000000_NIL_1986  778291990-10-23Rental sectionCentral Library, BUET Central Library, BUET2024-12-04 ১০/ক-১৪  2024-12-04624.183 NIL/1986Rental Item 
  624_183000000000000_NIL_1986  778301990-10-23Rental sectionCentral Library, BUET Central Library, BUET2024-12-04 ১০/ক-১৫  2024-12-04624.183 NIL/1986Rental Item 
  624_183000000000000_NIL_1986  778311990-10-23Rental sectionCentral Library, BUET Central Library, BUET2024-12-04 ১০/ক-১৬  2024-12-04624.183 NIL/1986Rental Item 
  624_183000000000000_NIL_1986  778321990-10-23Rental sectionCentral Library, BUET Central Library, BUET2024-12-04 ১০/ক-১৭  2024-12-04624.183 NIL/1986Rental Item 
  624_183000000000000_NIL_1986  778331990-10-23Rental sectionCentral Library, BUET Central Library, BUET2024-12-04 ১০/ক-১৮  2024-12-04624.183 NIL/1986Rental Item 
  624_183000000000000_NIL_1986  778341990-10-23Rental sectionCentral Library, BUET Central Library, BUET2024-12-04 ১০/ক-১৯  2024-12-04624.183 NIL/1986Rental Item 
  624_183000000000000_NIL_1986  778351990-10-23Rental sectionCentral Library, BUET Central Library, BUET2024-12-04 ১০/ক-২০  2024-12-04624.183 NIL/1986Rental Item